01135nam a22002055i 4500001000700000003000900007005001700016008004100033040002000074100004900094245010900143260007700252300002100329500010000350500004100450596010800491852018700599999001900786952012400805160571ES-MaACL20250719063320.0020306s1873 sp |||| | spa d aCAM bspa cCAM1 aNavarro Gonzalvo, Eduardo,d1846-190298513410aLlegar á tiempo b: juguete cómico en un acto y en verso / coriginal de Eduardo Navarro y Gonzalvo. aMadrid : b[Carlos Calvacho.], c1873 (fImprenta de José Rodríguez) a34 p. ; c19 cm. aEn port.: Representado por primera vez en el Teatro Martin, la noche del 16 de octubre de 1873. aEn port. consta : "C.C. número 10" aAl v. de port. consta : "... Galería Dramática y Lírica, titulada el Teatro, de Alonso Gullon..." aES-MaACLjF-8578(11) z-- Enc. pasta españolal. q-- Falto de la cub. original z-- Enc. en un vol. facticio formando parte de la col. faciticia "Teatro español moderno", vol. 31 c160571d160571 001040708LIBXIXaATENEOMbATENEOMcSPP2d2008-01-17l0oF-8578(11)p1168130r2023-02-23 00:00:00w2023-02-23yMONANT